Statistics for Country Shapes in the Map of Europe #1

Click here to take the quiz!

General Stats

  • This quiz has been taken 8,817 times
    (4,737 since last reset)
  • The average score is 10 of 10

Answers on the Map

Answers color-coded by a green-red scale on the quiz's map according to % correct below.
 

Answer Stats

Answer% Correct
United Kingdom
100%
Greece
99%
Norway
99%
Portugal
99%
Poland
98%
Netherlands
97%
Switzerland
97%
Serbia
92%
Slovenia
92%
Moldova
90%

Score Distribution

Percentile by Number Answered

Percent of People with Each Score

Your Score History

You have not taken this quiz since the last reset